00381 2200169 4500001002100000005001500021008004100036035001900077041000600096082000800102090001400110100001200124245001000136260002100146300002600167650001800193INLIS00000000000597020241224113212241224||||||||| | ||| |||| ||  0010-1224005970 a00 a819 a819 YAN p0 aKak Yan00aPunai aJakartabPelangi a32 hlm.; Ilus.: 21 cm 0aCerita Rakyat